000 00423nam a2200169Ia 4500
005 20250108052545.0
008 240331s9999 xx 000 0 und d
020 _a0415908973
082 _bKAT
_25180
_a305.3
100 _aBornstein, K
245 0 _aGender Outlaw
_bOn men, women and the rest of us
260 _aNew York
_bRoutledge
_c1994
300 _a245 p.,
650 _aGender
650 _aTranssexual
942 _cL
999 _c1556
_d1556